Statistics for Eurovisions Entries

Click here to take the quiz!

General Stats

  • This quiz has been taken 8 times
  • The average score is 35 of 40

Answer Stats

SongsCountry% Correct
Not the SameAustralia
100%
HaloAustria
100%
HopeEstonia
100%
JezebelFinland
100%
BrividiItaly
100%
Eat Your SaladLatvia
100%
SentimentaiLithuania
100%
I Am What I AmMalta
100%
Give That Wolf A BananaNorway
100%
In corpore sanoSerbia
100%
SloMoSpain
100%
Hold Me CloserSweden
100%
StefaniaUkraine
100%
SpaceManUnited Kingdom
100%
SEKRETAlbania
83%
SNAPArmenia
83%
Fade to blackAzerbaijan
83%
Miss YouBelgium
83%
ElaCyprus
83%
The ShowDenmark
83%
FulennFrance
83%
RockstarsGermany
83%
Die TigetherGreece
83%
Með hækkandi sólIceland
83%
Thats RichIreland
83%
TrenuletulMoldova
83%
BreatheMontenegro
83%
De DiepteNetherlands
83%
CirclesNorth Macedonia
83%
saudade, saudadePortugal
83%
STRIPPERSan marino
83%
DiskoSlovenia
83%
Boys Do CrySwitzerland
83%
IntentionBulgaria
67%
Guilty PleasureCroatia
67%
Lights OffCzech Republic
67%
Lock Me InGeorgia
67%
I.MIsrael
67%
RiverPoland
67%
LlámameRomania
67%

Score Distribution

Percentile by Number Answered

Percent of People with Each Score

Your Score History

You have not taken this quiz